000 00571cam a22001934a 4500
005 20250605164130.0
008 250528s ||||||||||||||||||||||||d
035 _a18613
020 _a140135154
040 _aGR-AtMCL
_bgre
_dGR-AtMCL
_eAACR2
245 1 _aWays of Seeing / Based on the Bbc Television Sereis With John Berger
260 _bPenguin Books,
_c1977
300 _a176
520 _aOne of the most stimulating and the most influential books on art in any language.
700 1 _aBerger John
_94877
942 _cBK
999 _c3962
_d3962